| 000 -LEADER |
| fixed length control field |
00515nam a2200181Ia 4500 |
| 003 - CONTROL NUMBER IDENTIFIER |
| control field |
OSt |
| 005 - DATE AND TIME OF LATEST TRANSACTION |
| control field |
20250910144858.0 |
| 008 - FIXED-LENGTH DATA ELEMENTS--GENERAL INFORMATION |
| fixed length control field |
200302s9999 xx 000 0 und d |
| 020 ## - INTERNATIONAL STANDARD BOOK NUMBER |
| International Standard Book Number |
9789351251163 |
| 040 ## - CATALOGING SOURCE |
| Transcribing agency |
BMSCA |
| 082 ## - DEWEY DECIMAL CLASSIFICATION NUMBER |
| Classification number |
001.42 |
| Item number |
MIS |
| Edition number |
23 |
| 100 ## - MAIN ENTRY--PERSONAL NAME |
| Personal name |
Misra, R. P. |
| Dates associated with a name |
(1930–2021), |
| 245 ## - TITLE STATEMENT |
| Title |
Research Methodology: |
| Remainder of title |
A Handbook revised and enlarged edition |
| 260 ## - PUBLICATION, DISTRIBUTION, ETC. (IMPRINT) |
| Name of publisher, distributor, etc |
Concept Publishing Company Pvt. Ltd. |
| Place of publication, distribution, etc |
New Delhi : |
| Date of publication, distribution, etc |
2016. |
| 300 ## - PHYSICAL DESCRIPTION |
| Extent |
150p. |
| 500 ## - GENERAL NOTE |
| General note |
It Includes Index |
| 942 ## - ADDED ENTRY ELEMENTS (KOHA) |
| Source of classification or shelving scheme |
|
| Item type |
R&D Books |